=LDR 00000nam 2200000 4500 =001 INLIS000000000040383 =990 ##$$a 31200014 =005 20250325105355 =035 ##$$a 0010-061300000040383 =008 250325################g##########0#ind## =041 ##$$a Ind =082 ##$$a 398 095 985 585 =090 ##$$a 398 095 985 585, Mai c =100 ##$$a Mai, Firmana Angela =245 1#$$a Cerita rakyat manggarai, diceritakan kembali oleh Firmana Angela Mai /$c Firmana Angela Nai =260 ##$$a Jakarta :$b Pusat Bahasa Departemen Pendidikan Nasional,$c 2007 =300 ##$$a xiii, 312 hlm : $b 21 x 15 cm =650 #4$$a Cerita Rakyat Manggarai =850 ##$$a NBPNMAT =020 ##$$a 978-979-685-653-4 =084 ##$$a 398 095 985 585 MAI c =990 ##$$a 31200014